000 00315nam a2200121Ia 4500
008 240731s9999 xx 000 0 und d
022 _a2204-0544
245 0 _aInternational Journal of Training Research
260 _bRoutledge
856 _uhttps://www.tandfonline.com/loi/ritr20
942 _2ddc
942 _cTFEJ
999 _c77277
_d77277
945 _a1
_bMadushi Gamage
_c1
_dMadushi Gamage